LEADER 02125nam 2200565Ia 450 001 9910462241003321 005 20200520144314.0 010 $a0-8132-1815-2 035 $a(CKB)2670000000242117 035 $a(EBL)3134968 035 $a(SSID)ssj0000721592 035 $a(PQKBManifestationID)11406874 035 $a(PQKBTitleCode)TC0000721592 035 $a(PQKBWorkID)10692675 035 $a(PQKB)10412016 035 $a(MiAaPQ)EBC3134968 035 $a(OCoLC)812924900 035 $a(MdBmJHUP)muse24199 035 $a(Au-PeEL)EBL3134968 035 $a(CaPaEBR)ebr10603289 035 $a(OCoLC)922996896 035 $a(EXLCZ)992670000000242117 100 $a20091201d2010 uy 0 101 0 $aeng 135 $aur|n|---||||| 181 $ctxt 182 $cc 183 $acr 200 10$aReading the underthought$b[electronic resource] $eJewish hermeneutics and the Christian poetry of Hopkins and Eliot /$fKinereth Meyer & Rachel Salmon Deshen 210 $aWashington, D.C. $cCatholic University of America Press$dc2010 215 $a1 online resource (329 p.) 300 $aDescription based upon print version of record. 311 $a0-8132-1742-3 320 $aIncludes bibliographical references and index. 327 $aReligious poetry and its readers -- Christian and Jewish hermeneutics -- Spelling Hopkins's leaves -- "Past all/Grasp God": A Catachrestic Reading of "The Wreck of the Deutschland" -- Reorderings: the nature sonnets and the terrible sonnets -- Reading the alien text -- "Ash Wednesday" and Midrash -- Four quartets and wisdom literature. 606 $aChristian poetry$xHistory and criticism 606 $aJudaism in literature 608 $aElectronic books. 615 0$aChristian poetry$xHistory and criticism. 615 0$aJudaism in literature. 676 $a821/.8 700 $aMeyer$b Kinereth$01027853 701 $aSalmon Deshen$b Rachel$01027854 801 0$bMiAaPQ 801 1$bMiAaPQ 801 2$bMiAaPQ 906 $aBOOK 912 $a9910462241003321 996 $aReading the underthought$92443548 997 $aUNINA LEADER 03047nas# 22003011i 450 001 UON00005338 005 20231205101908.796 011 $a0256-3169 100 $a20020107a1992 |0itac50 ba 101 $aeng 102 $aTW 105 $a|||| 1|||| 110 $aaQ||||||||| 200 1 $aBalance of Payments$eTaiwan District the Republic of China (compiled in accordance with bops yearbook format)$fThe Central Bank of China 205 $aTaipei : The Central Bank of China 207 $av. ; 30 cm 210 $aTrimestrale 215 $aDescrizione basata su: anno 1992 (settembre) 620 $dTaipei$3UONL000076 686 $aTW$cTAIWAN - PERIODICI$2A 686 $aDONO$cPERIODICI - DONO$2A 712 $aCentral Bank of China$3UONV246447$4650 801 $aIT$bSOL$c20240220$gRICA 899 $aSIBA - SISTEMA BIBLIOTECARIO DI ATENEO$2UONSI$41981 *C* 1982 *1,3,4* 1983 *1,3,4* 1984 > 1985 *C* 1986 *1>3* 1987 -$cPer 607 S37 (UFFICIO 11) ; 912 $aUON00005338 950 $aSIBA - SISTEMA BIBLIOTECARIO DI ATENEO$bSI 1981 *C* 1982 *1,3,4* 1983 *1,3,4* 1984 > 1985 *C* 1986 *1>3* 1987 -$dSI A Per 607 1981 $eSI SA 27079 7 1981 $dSI A Per 607 1982 $eSI SA 29199 7 1982 $dSI A Per 607 1983 $eSI SA 33357 7 1983 $dSI A Per 607 1984 $eSI SA 39782 7 1984 $dSI A Per 607 1985 $eSI SA 49042 7 1985 $dSI A Per 607 1986 $eSI SA 50211 7 1986 $dSI A Per 607 1987 $eSI SA 54318 7 1987 $dSI A Per 607 1988 $eSI SA 57707 7 1988 $dSI A Per 607 1989 $eSI SA 62131 7 1989 $dSI A Per 607 1990 $eSI SA 64867 7 1990 $dSI A Per 607 1992 $eSI SA 70946 7 1992 $dSI A Per 607 1993 $eSI SA 74001 7 1993 $dSI A Per 607 1996 $eSI SA 84318 7 1996 $dSI A Per 607 1997 $eSI SA 86498 7 1997 $dSI A Per 607 2000 $eSI SA 93094 7 2000 $dSI A Per 607 2003 $eSI SA 108920 7 2003 996 $aBALANCE of payments$9575598 997 $aUNIOR